Schaum's outline of theory and problems of biochemistry/ (Record no. 771)

MARC details
000 -LEADER
fixed length control field 00670nam a2200229 a 4500
005 - DATE AND TIME OF LATEST TRANSACTION
control field 20260322212033.0
008 - FIXED-LENGTH DATA ELEMENTS--GENERAL INFORMATION
fixed length control field data
010 ## - LIBRARY OF CONGRESS CONTROL NUMBER
LC control number 86-018154
020 ## - INTERNATIONAL STANDARD BOOK NUMBER
International Standard Book Number 0070355797 (pbk.)
020 ## - INTERNATIONAL STANDARD BOOK NUMBER
International Standard Book Number 9780070355798 (pbk.)
040 ## - CATALOGING SOURCE
Original cataloging agency Donation
090 ## - LOCALLY ASSIGNED LC-TYPE CALL NUMBER (OCLC); LOCAL CALL NUMBER (RLIN)
Classification number (OCLC) (R) ; Classification number, CALL (RLIN) (NR) QP 518.3 S3 1988
001 - CONTROL NUMBER
control field data
245 10 - TITLE STATEMENT
Title Schaum's outline of theory and problems of biochemistry/
Statement of responsibility, etc. Philip W. Kuchel.
260 ## - PUBLICATION, DISTRIBUTION, ETC.
Place of publication, distribution, etc. New York
Name of publisher, distributor, etc. McGraw-Hill
Date of publication, distribution, etc. c1988
300 ## - PHYSICAL DESCRIPTION
Extent 555 p. :
Other physical details ill. ;
Dimensions 28 cm.
490 0# - SERIES STATEMENT
Series statement Schaum's outline series.
500 ## - GENERAL NOTE
General note Includes index.
650 02 - SUBJECT ADDED ENTRY--TOPICAL TERM
Topical term or geographic name entry element Biochemistry
Form subdivision examinations, questions, etc.
650 02 - SUBJECT ADDED ENTRY--TOPICAL TERM
Topical term or geographic name entry element Biochemistry
Form subdivision outlines, syllabi, etc.
700 1# - ADDED ENTRY--PERSONAL NAME
Personal name Kuchel, Philip W.
Holdings
Withdrawn status Lost status Damaged status Not for loan Home library Current library Shelving location Date acquired Total checkouts Full call number Barcode Date last seen Price effective from Koha item type
        Riverside Riverside General stacks 22/03/2026   GEN BC0010791 22/03/2026 22/03/2026 Books